00913nam a22002057a 450000500170000001000190001702000330003602000330006903500180010203700090012008200110012910000280014024500760016825000060024426000570025027000890030730000260039649000170042250002680043920241128164312.0 aENG-142712-713 c795.00a9789361598890(Vol 1) c755.00a9789361595721(Vol 2) aEN-126244-245 bDBAD a53021 aTiwari, Girija Shanker  aNEET Physics for Class 11 & 12 Volume I & II/cBy Girija Shanker Tiwari a1 aUttar PradeshbPearson India Education Pvt Ltdc2025 bUttar Pradesha1st FLoor, Berger Tower, Plot No. C-001A/2, Sector-16B, Noidae201301 avpp.c25cm(pb)bIndex vVol 1, Vol 2 aBased on NMC and NCERT Syllabi | Previous Year's Questions With Solutions | To... 2025 - NEET Physics Volume I for Class 11 | Based on NMC and NCERT Syllabi | Previous Year's Questions With Solutions | Topic-wise MCQs | NEET Special Questions and Chapter-End Test